[Event "Hastings International Chess Congress"]
[Site "?"]
[Date "2014.01.04"]
[Round "8.33"]
[White "Stonehouse, Tom H"]
[Black "Sugden, John N"]
[Result "0-1"]
[LiveChessVersion "1.4.2"]
[BlackElo "2138"]
[WhiteElo "1772"]

1. e4 {[%clk 1:40:55]} c5 {[%clk 1:40:22]} 2. Nf3 {[%clk 1:41:13]} e6
{[%clk 1:40:10]} 3. d4 {[%clk 1:41:29]} cxd4 {[%clk 1:40:33]} 4. Nxd4
{[%clk 1:41:40]} a6 {[%clk 1:40:26]} 5. Be2 {[%clk 1:37:13]} Nf6 {[%clk 1:34:36]}
6. Nc3 {[%clk 1:33:16]} Qc7 {[%clk 1:33:38]} 7. O-O d6 8. Be3 {[%clk 1:23:08]}
Nbd7 {[%clk 1:32:13]} 9. f4 {[%clk 1:22:05]} b5 {[%clk 1:26:42]} 10. Bf3
{[%clk 1:15:18]} Bb7 {[%clk 1:19:24]} 11. Qe2 {[%clk 1:14:18]} b4
{[%clk 1:04:54]} 12. Na4 {[%clk 1:10:13]} Nxe4 {[%clk 1:00:59]} 13. f5
{[%clk 1:05:41]} e5 {[%clk 0:53:35]} 14. Ne6 {[%clk 0:59:07]} fxe6
{[%clk 0:50:23]} 15. Bh5+ {[%clk 0:50:45]} g6 {[%clk 0:43:58]} 16. fxg6
{[%clk 0:50:32]} O-O-O {[%clk 0:42:46]} 17. Rf7 {[%clk 0:50:04]} hxg6
{[%clk 0:39:01]} 18. Bg4 {[%clk 0:49:17]} Qc6 {[%clk 0:36:18]} 19. Bxe6
{[%clk 0:48:19]} Qxa4 {[%clk 0:24:26]} 20. Raf1 {[%clk 0:45:31]} Bc6
{[%clk 0:14:38]} 21. Bb6 {[%clk 0:45:13]} Bh6 {[%clk 0:12:24]} 22. Bxd8
{[%clk 0:45:13]} Rxd8 {[%clk 0:12:45]} 23. Qg4 {[%clk 0:40:02]} Nec5
{[%clk 0:11:59]} 24. b3 {[%clk 0:39:23]} Qa5 {[%clk 0:10:55]} 25. Qxg6
{[%clk 0:38:19]} Be3+ {[%clk 0:11:06]} 26. Kh1 {[%clk 0:38:27]} Nxe6
{[%clk 0:11:12]} 27. Qxe6 {[%clk 0:38:31]} Bd5 {[%clk 0:08:05]} 0-1

[Event "Hastings Masters"]
[Site ", "]
[Date "2014.01.04"]
[Round "8.35"]
[White "Dennis, Nigel"]
[Black "Obsieger, Hendrik"]
[Result "0-1"]
[WhiteElo "1848"]
[BlackElo "1873"]
[PlyCount "58"]
[EventDate "2014.??.??"]

1. e4 e6 2. d4 d5 3. Nc3 Bb4 4. e5 c5 5. a3 Bxc3+ 6. bxc3 Ne7 7. Qg4 Qc7 8.
Qxg7 Rg8 9. Qxh7 cxd4 10. Ne2 Nbc6 11. f4 dxc3 12. Qd3 d4 13. Nxd4 Nxd4 14.
Qxd4 Bd7 15. Rb1 Nf5 16. Qf2 Bc6 17. Bb5 O-O-O 18. Bxc6 Qxc6 19. O-O Rg6 20.
Qf3 Qc7 21. Be3 Nh4 22. Qh3 Rxg2+ 23. Kh1 Rg6 24. f5 Qc6+ 25. Rf3 exf5 26. Rbf1
Nxf3 27. Qxf5+ Kb8 28. Qxf3 Qxf3+ 29. Rxf3 Rd1+ 0-1

[Event "Hastings Masters"]
[Site ", "]
[Date "2014.01.04"]
[Round "8.39"]
[White "French, Max"]
[Black "Pickersgill, Adrian O"]
[Result "0-1"]
[WhiteElo "1718"]
[BlackElo "1988"]
[PlyCount "108"]
[EventDate "2014.??.??"]

1. d4 d6 2. e4 Nf6 3. Nc3 c6 4. f4 Qa5 5. e5 Ne4 6. Qf3 d5 7. Bd3 Na6 8. Bxe4
dxe4 9. Qf2 Bf5 10. Be3 Nb4 11. a3 e6 12. Rd1 Nd5 13. Nge2 Nxc3 14. Nxc3 Qa6
15. Qe2 Qxe2+ 16. Nxe2 Be7 17. O-O h5 18. Bf2 e3 19. Bxe3 Bxc2 20. Rc1 Bd3 21.
Rfe1 Bxe2 22. Rxe2 O-O 23. Rf2 g6 24. h3 h4 25. Rf3 Rfd8 26. g3 hxg3 27. Rxg3
Kg7 28. Rg4 Rd5 29. h4 Rh8 30. Bf2 Bd8 31. Kg2 Bb6 32. Rc4 Rhd8 33. Rb4 R8d7
34. h5 Bxd4 35. Bh4 Bc5 36. Rb3 Rd2+ 37. Kf3 Be7 38. Bxe7 Rxe7 39. hxg6 fxg6
40. Ke3 Rh2 41. Ke4 Kf7 42. Rgg3 Rd7 43. Rgd3 Re2+ 44. Re3 Rxe3+ 45. Kxe3 b6
46. Rc3 c5 47. Kf3 g5 48. fxg5 Kg6 49. a4 Rd5 50. a5 bxa5 51. Ra3 c4 52. Ra4
Rb5 53. Rxc4 Rxb2 54. Kf4 Rb4 0-1